LEADER 01618nas 2200481-a 450 001 996336185603316 005 20240413024013.0 035 $a(CKB)110978979270868 035 $a(CONSER)---91650923- 035 $a(EXLCZ)99110978979270868 100 $a19910212b19912006 --- a 101 0 $aeng 181 $ctxt$2rdacontent 182 $cc$2rdamedia 183 $acr$2rdacarrier 200 00$aLaw office computing 210 $aCosta Mesa, CA $cJames Pub.$d©1991- 215 $a1 online resource 300 $aTitle from cover. 300 $aIssue for winter 1991 called also: Premier issue. 311 08$aPrint version: Law office computing. 1055-128X (DLC)###91650923 (OCoLC)23092346 531 0 $aLaw off. comput. 606 $aLaw offices$zUnited States$xAutomation$vPeriodicals 606 $aLaw offices$xAutomation$2fast$3(OCoLC)fst00994061 606 $aLAW$2unbist 606 $aCOMPUTER SOFTWARE$2unbist 606 $aCabinets d'avocat$zÉtats-Unis$xAutomatisation$vPériodiques 606 $aMicro-ordinateurs$vPériodiques 607 $aUnited States$2fast$1https://id.oclc.org/worldcat/entity/E39PBJtxgQXMWqmjMjjwXRHgrq 608 $aPeriodicals.$2fast 608 $aPeriodicals.$2lcgft 615 0$aLaw offices$xAutomation 615 7$aLaw offices$xAutomation. 615 17$aLAW. 615 17$aCOMPUTER SOFTWARE. 615 6$aCabinets d'avocat$xAutomatisation 615 6$aMicro-ordinateurs 676 $a340/.068 906 $aJOURNAL 912 $a996336185603316 920 $aexl_impl conversion 996 $aLaw office computing$92320154 997 $aUNISA LEADER 02723nam 2200901zu 450 001 9910708122503321 005 20230512165557.0 035 $a(CKB)3360000000465383 035 $a(SSID)ssj0001353174 035 $a(PQKBManifestationID)12571109 035 $a(PQKBTitleCode)TC0001353174 035 $a(PQKBWorkID)11315925 035 $a(PQKB)11004507 035 $a(OCoLC)828884270 035 $a(EXLCZ)993360000000465383 100 $a20160829d2009 uy 101 0 $aeng 135 $aurmn||||||||| 181 $ctxt 182 $cc 183 $acr 200 00$aCare of the combat amputee 210 31$a[Place of publication not identified]$cOffice of the Surgeon General United States Army$d2009 215 $a1 online resource $cillustrations (chiefly color) 225 0 $aTextbooks of military medicine Care of the combat amputee 300 $aBibliographic Level Mode of Issuance: Monograph 320 $aIncludes bibliographical references and index. 517 $aBuilders of Trust 606 $aWar wounds$xCare$xPatients$zUnited States 606 $aAmputees$xCare$zUnited States 606 $aSoldiers$xCare$zUnited States 606 $aTherapeutics 606 $aPersons with Disabilities 606 $aMedicine 606 $aPersons 606 $aWounds and Injuries 606 $aOrthopedic Procedures 606 $aOccupational Groups 606 $aDisease 606 $aHealth Occupations 606 $aSurgical Procedures, Operative 606 $aMilitary Medicine 606 $aRehabilitation 606 $aVeterans 606 $aMilitary Personnel 606 $aAmputation, Surgical 606 $aAmputation, Traumatic 606 $aAmputees 615 0$aWar wounds$xCare$xPatients 615 0$aAmputees$xCare 615 0$aSoldiers$xCare 615 2$aTherapeutics. 615 2$aPersons with Disabilities. 615 2$aMedicine. 615 2$aPersons. 615 2$aWounds and Injuries. 615 2$aOrthopedic Procedures. 615 2$aOccupational Groups. 615 2$aDisease. 615 2$aHealth Occupations. 615 2$aSurgical Procedures, Operative. 615 2$aMilitary Medicine. 615 2$aRehabilitation. 615 2$aVeterans. 615 2$aMilitary Personnel. 615 2$aAmputation, Surgical. 615 2$aAmputation, Traumatic. 615 2$aAmputees. 676 $a362.4/385 702 $aCooper$b Rory A. 702 $aPasquina$b Paul F. 712 02$aBorden Institute (U.S.), 712 02$aUnited States Department of the Army, 801 0$bPQKB 906 $aBOOK 912 $a9910708122503321 996 $aCare of the combat amputee$93282595 997 $aUNINA